[Event "Bundesliga 2017-18"]
[Site "Berlin GER"]
[Date "2018.05.01"]
[Round "15.7"]
[White "Zeller, Frank"]
[Black "Zaragatski, Ilja"]
[Result "1-0"]
[WhiteTitle "IM"]
[BlackTitle "GM"]
[WhiteElo "2371"]
[BlackElo "2495"]
[Board "7"]
[WhiteTeam "SK Schwaebisch Hall"]
[BlackTeam "DJK Aufwaerts Aachen"]
[WhiteFideId "4613007"]
[BlackFideId "4655192"]
[EventDate "2017.10.21"]
[EventType "team"]

1. d4 f5 2. c4 Nf6 3. Nc3 d6 4. Bg5 Nbd7 5. Qc2 g6 6. h3 Bg7 7. g4 e5 8. Nf3 e4
9. Nh4 Nf8 10. gxf5 gxf5 11. Rg1 c6 12. e3 Qe7 13. d5 h6 14. Bf4 Nh5 15. Ng2
Nxf4 16. Nxf4 c5 17. Be2 Bd7 18. Bh5+ Kd8 19. a4 Be5 20. Qb3 Kc8 21. Nce2 Rh7
22. Kd2 Kc7 23. a5 Rg7 24. Rxg7 Qxg7 25. Rg1 Qf6 26. Kc2 Rb8 27. Qa3 b5 28.
axb6+ axb6 29. Ra1 Qh4 30. Qa7+ Rb7 31. Qa8 Bxf4 32. Qxf8 Bg5 33. Ng3 Bxe3 34.
Be8 Bg5 35. Bxd7 Kxd7 36. Ra8 Bd8 37. Qxf5+ Ke8 38. Nxe4 Rd7 39. Nf6+ 1-0

[Event "Bundesliga 2017-18"]
[Site "Berlin GER"]
[Date "2018.05.01"]
[Round "15.7"]
[White "Braun, Christian"]
[Black "Zpevak, Pavel"]
[Result "1-0"]
[WhiteTitle "IM"]
[BlackTitle "IM"]
[WhiteElo "2369"]
[BlackElo "2342"]
[Board "8"]
[WhiteTeam "DJK Aufwaerts Aachen"]
[BlackTeam "SK Schwaebisch Hall"]
[WhiteFideId "4692098"]
[BlackFideId "300586"]
[EventDate "2017.10.21"]
[EventType "team"]

1. e4 c5 2. Nf3 e6 3. d4 cxd4 4. Nxd4 Nc6 5. Nc3 Qc7 6. Be3 a6 7. Qd2 Nf6 8. f4
Bb4 9. Bd3 d6 10. a3 Bc5 11. Nxc6 Bxe3 12. Qxe3 bxc6 13. O-O-O d5 14. Rhf1 Rb8
15. Qg3 O-O 16. e5 Nd7 17. Qh4 f5 18. exf6 Nxf6 19. g4 Qb6 20. b3 g6 21. Rf3 Rb7
22. f5 g5 23. Qxg5+ Rg7 24. Qh4 Rxg4 25. Qe1 c5 26. fxe6 Qxe6 27. Qf2 Qe5 28.
Nxd5 Kg7 29. Nxf6 Rxf6 30. Rxf6 Qa1+ 31. Kd2 Qxf6 32. Qxf6+ Kxf6 33. Kc3 Rh4 34.
Bxa6 Bxa6 35. Rd6+ Ke5 36. Rxa6 Rxh2 37. b4 cxb4+ 38. axb4 Kd5 39. Kb3 Rh3+ 40.
c3 h5 41. Rh6 h4 42. Rh5+ Kc6 43. b5+ Kb6 44. Kb4 Rh1 45. Rh6+ Kb7 46. Kc5 h3
47. Rh7+ 1-0

[Event "Bundesliga 2017-18"]
[Site "Berlin GER"]
[Date "2018.05.01"]
[Round "15.8"]
[White "Fridman, Daniel"]
[Black "Nisipeanu, Liviu-Dieter"]
[Result "1/2-1/2"]
[WhiteTitle "GM"]
[BlackTitle "GM"]
[WhiteElo "2626"]
[BlackElo "2672"]
[Board "1"]
[WhiteTeam "SV Muelheim Nord"]
[BlackTeam "USV TU Dresden"]
[WhiteFideId "11600454"]
[BlackFideId "1202758"]
[EventDate "2017.10.21"]
[EventType "team"]

1. d4 Nf6 2. c4 e6 3. Nc3 Bb4 4. g3 d5 5. Bg2 O-O 6. Nf3 dxc4 7. O-O Bd7 8. Ne5
Bc6 9. Nxc6 Nxc6 10. Qa4 Nd5 11. Nxd5 exd5 12. Qb5 a6 13. Qxd5 Qxd5 14. Bxd5
Nxd4 15. Bxc4 Rfe8 16. e3 Nf3+ 17. Kg2 Nd2 18. Bxd2 Bxd2 19. Rfd1 Rad8 20. a4
Kf8 21. Ra3 Bb4 22. Rxd8 Rxd8 23. Rb3 a5 24. Rd3 1/2-1/2

[Event "Bundesliga 2017-18"]
[Site "Berlin GER"]
[Date "2018.05.01"]
[Round "15.8"]
[White "Gajewski, Grzegorz"]
[Black "Beerdsen, Thomas"]
[Result "1-0"]
[WhiteTitle "GM"]
[BlackTitle "IM"]
[WhiteElo "2630"]
[BlackElo "2428"]
[Board "2"]
[WhiteTeam "USV TU Dresden"]
[BlackTeam "SV Muelheim Nord"]
[WhiteFideId "1116207"]
[BlackFideId "1030108"]
[EventDate "2017.10.21"]
[EventType "team"]

1. d4 Nf6 2. c4 e6 3. Nf3 b6 4. g3 Bb7 5. Bg2 Be7 6. Nc3 Ne4 7. Bd2 Bf6 8. Qc2
Nxd2 9. Qxd2 d6 10. e4 O-O 11. h4 c5 12. d5 Bxc3 13. Qxc3 exd5 14. cxd5 Re8 15.
O-O-O Nd7 16. h5 h6 17. Nh4 Nf6 18. f3 b5 19. Kb1 b4 20. Qd2 Rb8 21. Nf5 c4 22.
Qxb4 Nxd5 23. Qxc4 Qf6 24. Rd2 Nb6 25. Qd4 Qxd4 26. Rxd4 d5 27. Nd6 Re6 28. Nxb7
Rxb7 29. b3 dxe4 30. fxe4 Rbe7 31. Rd8+ Kh7 32. Rhd1 g6 33. a4 Re5 34. hxg6+
fxg6 35. Kb2 h5 36. Bf1 Rg5 37. R1d4 Rb7 38. Ba6 Rc7 39. Rd3 Ra5 40. Bb5 a6 41.
Be8 Rg5 42. R8d6 Re7 43. Rxb6 Rxe8 44. Rxa6 Rxe4 45. Rc6 Reg4 46. Rcc3 Re5 47.
Ka3 Re1 48. Rd2 g5 49. Rd6 Rge4 50. Rc7+ Re7 51. Rxe7+ Rxe7 52. a5 1-0

[Event "Bundesliga 2017-18"]
[Site "Berlin GER"]
[Date "2018.05.01"]
[Round "15.8"]
[White "Hausrath, Daniel"]
[Black "Paehtz, Elisabeth"]
[Result "1-0"]
[WhiteTitle "GM"]
[BlackTitle "IM"]
[WhiteElo "2484"]
[BlackElo "2453"]
[Board "3"]
[WhiteTeam "SV Muelheim Nord"]
[BlackTeam "USV TU Dresden"]
[WhiteFideId "4617495"]
[BlackFideId "4641833"]
[EventDate "2017.10.21"]
[EventType "team"]

1. Nf3 g6 2. g3 Bg7 3. d4 d6 4. Bg2 Nd7 5. O-O e5 6. dxe5 dxe5 7. Nc3 Ne7 8. Nd2
O-O 9. Nc4 Nf5 10. a4 Nc5 11. b4 Ne6 12. Ba3 Qd4 13. Qd3 Rd8 14. Rad1 Nd6 15.
Nxd6 Rxd6 16. b5 Qxd3 17. cxd3 Rd8 18. Nd5 Bf8 19. Bb2 Bd6 20. Nf6+ Kg7 21. Ne4
f6 22. Nxd6 Rxd6 23. f4 exf4 24. gxf4 a6 25. f5 Nd4 26. Bxd4 Rxd4 27. Rc1 axb5
28. Rxc7+ Kh6 29. fxg6 hxg6 30. axb5 Rb4 31. Rxf6 Rxb5 32. Be4 Rg5+ 33. Kf2 Bg4
34. h4 1-0

[Event "Bundesliga 2017-18"]
[Site "Berlin GER"]
[Date "2018.05.01"]
[Round "15.8"]
[White "Vogel, Roven"]
[Black "Dinstuhl, Volkmar"]
[Result "1-0"]
[WhiteTitle "IM"]
[BlackTitle "IM"]
[WhiteElo "2493"]
[BlackElo "2393"]
[Board "4"]
[WhiteTeam "USV TU Dresden"]
[BlackTeam "SV Muelheim Nord"]
[WhiteFideId "12908088"]
[BlackFideId "4613562"]
[EventDate "2017.10.21"]
[EventType "team"]

1. d4 d5 2. c4 e6 3. Nf3 Nf6 4. Nc3 Bb4 5. Bg5 Nbd7 6. e3 c5 7. Bd3 cxd4 8. exd4
dxc4 9. Bxc4 O-O 10. O-O Bxc3 11. bxc3 Qc7 12. Bd3 b6 13. Rc1 Bb7 14. Re1 h6 15.
Bd2 Rac8 16. Qe2 Qc6 17. Bb5 Qd5 18. c4 Qh5 19. Bb4 Rfe8 20. Ne5 Nxe5 21. dxe5
Qg6 22. f3 Nh5 23. Bxe8 Rxe8 24. Qc2 Qg5 25. Bd2 Nf4 26. Bxf4 Qxf4 27. Qd3 Rc8
28. Qd7 Ba6 29. Qxa7 Qd4+ 30. Kh1 Bxc4 31. h3 Rd8 32. Re4 1-0

[Event "Bundesliga 2017-18"]
[Site "Berlin GER"]
[Date "2018.05.01"]
[Round "15.8"]
[White "Zwirs, Nico"]
[Black "Maiwald, Jens-Uwe"]
[Result "1/2-1/2"]
[BlackTitle "GM"]
[WhiteElo "2391"]
[BlackElo "2452"]
[Board "5"]
[WhiteTeam "SV Muelheim Nord"]
[BlackTeam "USV TU Dresden"]
[WhiteFideId "1036432"]
[BlackFideId "4612396"]
[EventDate "2017.10.21"]
[EventType "team"]

1. e4 c5 2. Nf3 e6 3. d4 cxd4 4. Nxd4 a6 5. Nc3 b5 6. Bd3 Qb6 7. Nb3 Qc7 8. O-O
Bb7 9. Qe2 Be7 10. f4 b4 11. Nd1 Nf6 12. c4 d6 13. Nf2 Nc6 14. Be3 a5 15. c5 d5
16. e5 Nd7 17. Rac1 g6 18. Nd4 Nxd4 19. Bxd4 Nb8 20. Ng4 Nc6 21. Bf2 Qc8 1/2-1/2

[Event "Bundesliga 2017-18"]
[Site "Berlin GER"]
[Date "2018.05.01"]
[Round "15.8"]
[White "Moehn, Hans"]
[Black "Rezasade, Amir"]
[Result "1/2-1/2"]
[WhiteTitle "FM"]
[BlackTitle "FM"]
[WhiteElo "2368"]
[BlackElo "2344"]
[Board "6"]
[WhiteTeam "USV TU Dresden"]
[BlackTeam "SV Muelheim Nord"]
[WhiteFideId "24647837"]
[BlackFideId "4692950"]
[EventDate "2017.10.21"]
[EventType "team"]

1. Nf3 Nf6 2. c4 g6 3. Nc3 c5 4. d4 cxd4 5. Nxd4 Nc6 6. Nc2 Bg7 7. e4 d6 8. Be2
Nd7 9. O-O O-O 10. Bd2 Nc5 11. f3 Ne6 12. Rb1 f5 13. exf5 gxf5 14. Nd5 Bd7 15.
g3 Rc8 16. Be3 Ne5 17. b3 Nc6 18. Qd2 Qe8 19. Rbd1 Qf7 20. Rf2 Rcd8 21. b4 Rc8
22. f4 b6 23. Rff1 Nb8 24. Na3 Ba4 25. Rb1 Bc6 26. Rfc1 Nd7 27. Bf3 Nf6 28. Qd3
Ng4 29. Bxg4 fxg4 30. Nb5 Bxb5 31. cxb5 Kh8 32. Rc6 Rce8 33. Rf1 Qf5 34. Qxf5
Rxf5 35. Rd1 Kg8 36. Rc4 Kf7 37. a4 Rb8 38. Bf2 h5 39. Ne3 Rf6 40. Rd5 Rh6 41.
Nf5 Rhh8 42. Nxg7 Nxg7 43. Rc7 Rhc8 44. Rxa7 Rc1+ 45. Kg2 Rc2 46. Kf1 Ke6 47.
Rd1 Nf5 48. a5 bxa5 49. Re1+ Kf6 50. Rxa5 Rb2 51. b6 Rxb4 52. Raa1 R8xb6 53.
Bxb6 Rxb6 54. Rab1 Rc6 55. Rec1 Ra6 56. Ra1 Rb6 57. Rcb1 Rc6 58. Rc1 Rb6 1/2-1/2

[Event "Bundesliga 2017-18"]
[Site "Berlin GER"]
[Date "2018.05.01"]
[Round "15.8"]
[White "Van Osch, Mees"]
[Black "Loxine, Jakov"]
[Result "1-0"]
[WhiteTitle "FM"]
[BlackTitle "IM"]
[WhiteElo "2302"]
[BlackElo "2409"]
[Board "7"]
[WhiteTeam "SV Muelheim Nord"]
[BlackTeam "USV TU Dresden"]
[WhiteFideId "1035967"]
[BlackFideId "4173031"]
[EventDate "2017.10.21"]
[EventType "team"]

1. e4 c5 2. Nf3 Nc6 3. Nc3 e6 4. d4 cxd4 5. Nxd4 Qc7 6. Be3 a6 7. Qd2 Nf6 8. f4
Bb4 9. Bd3 d6 10. a3 Bc5 11. Nxc6 Bxe3 12. Qxe3 bxc6 13. O-O-O Nd7 14. Rhe1 e5
15. g3 Qb6 16. Bc4 Rb8 17. b3 Qa5 18. Kb2 Nb6 19. Bf1 Bh3 20. Ka2 Bxf1 21. Rxf1
exf4 22. gxf4 Nc8 23. Rg1 O-O 24. Rg5 Qc7 25. Rdg1 g6 26. Qh3 Rb7 27. e5 dxe5
28. fxe5 Qd7 29. Qf3 Ne7 30. Ne4 Nd5 31. c4 f6 32. Rxg6+ hxg6 33. Rxg6+ Kf7 34.
e6+ Qxe6 35. Ng5+ 1-0

[Event "Bundesliga 2017-18"]
[Site "Berlin GER"]
[Date "2018.05.01"]
[Round "15.8"]
[White "Hoffmann, Paul"]
[Black "Buckels, Valentin"]
[Result "0-1"]
[WhiteTitle "IM"]
[BlackTitle "FM"]
[WhiteElo "2384"]
[BlackElo "2318"]
[Board "8"]
[WhiteTeam "USV TU Dresden"]
[BlackTeam "SV Muelheim Nord"]
[WhiteFideId "4664450"]
[BlackFideId "12942766"]
[EventDate "2017.10.21"]
[EventType "team"]

1. e4 e5 2. Bc4 Nf6 3. d3 c6 4. Nf3 d5 5. Bb3 a5 6. c3 Bd6 7. Nbd2 O-O 8. O-O
Nbd7 9. Bc2 dxe4 10. dxe4 Bc7 11. b3 Qe7 12. a4 Rd8 13. Ba3 Qe8 14. Qb1 Nf8 15.
h3 Ng6 16. Re1 Nf4 17. Nc4 b6 18. Bc1 N6h5 19. Ne3 Ba6 20. c4 Rd7 21. Kh2 Rad8
22. g3 Nd3 23. Bxd3 Rxd3 24. Nh4 R3d7 25. Ra2 Bd6 26. Qc2 Bb4 27. Rg1 Bc8 28.
Qe2 Nf6 29. Nef5 Rd3 30. Bg5 Qe6 31. Rb1 Bf8 32. g4 h6 33. Bc1 Rd1 34. Ne3 R1d4
35. Nhf5 Nxe4 36. Nxd4 exd4 37. Nd1 d3 38. Qf3 d2 39. Bb2 Bd6+ 40. Kg1 c5 41.
Ne3 Bb7 42. Raa1 Be5 43. Qf5 Nc3 44. Qxe6 fxe6 45. Nd1 Nxb1 46. Bxe5 Be4 47. Bc7
Rd7 48. Bxb6 Bc2 0-1

[Event "Bundesliga 2017-18"]
[Site "Berlin GER"]
[Date "2018.05.01"]
[Round "15.3"]
[White "Oleksiyenko, Mykhaylo"]
[Black "Howell, David W L"]
[Result "1/2-1/2"]
[WhiteTitle "GM"]
[BlackTitle "GM"]
[WhiteElo "2615"]
[BlackElo "2698"]
[Board "1"]
[WhiteTeam "SG Speyer-Schwegenheim"]
[BlackTeam "SV 1930 Hockenheim"]
[WhiteFideId "4152417"]
[BlackFideId "410608"]
[EventDate "2017.10.21"]
[EventType "team"]

1. Nf3 Nf6 2. g3 g6 3. b3 Bg7 4. Bb2 c5 5. c4 d6 6. Bg2 e5 7. O-O O-O 8. Nc3 Nc6
9. d3 Rb8 10. Nd5 Nxd5 11. cxd5 Nd4 12. Nd2 Bg4 13. f3 Bd7 14. e3 Nf5 15. Qe2 b5
16. Rae1 Qb6 17. Qf2 Rbe8 18. Ba1 Bc8 19. Kh1 Qd8 20. a4 bxa4 21. bxa4 Ba6 22.
Nc4 Qd7 23. Bh3 Bxc4 24. dxc4 Qxa4 25. Bxf5 1/2-1/2

[Event "Bundesliga 2017-18"]
[Site "Berlin GER"]
[Date "2018.05.01"]
[Round "15.3"]
[White "Moiseenko, Alexander"]
[Black "Yankelevich, Lev"]
[Result "1-0"]
[WhiteTitle "GM"]
[BlackTitle "IM"]
[WhiteElo "2674"]
[BlackElo "2442"]
[Board "2"]
[WhiteTeam "SV 1930 Hockenheim"]
[BlackTeam "SG Speyer-Schwegenheim"]
[WhiteFideId "14102560"]
[BlackFideId "24684074"]
[EventDate "2017.10.21"]
[EventType "team"]

1. d4 Nf6 2. c4 g6 3. Nc3 d5 4. Bg5 Ne4 5. Bh4 Nxc3 6. bxc3 dxc4 7. e3 Be6 8.
Nf3 Bg7 9. Be2 Nd7 10. O-O Nb6 11. a4 a5 12. Qc2 O-O 13. Rfb1 Bd7 14. Nd2 Bc6
15. Bf3 Bxf3 16. Nxf3 Qd7 17. Rb5 Rfe8 18. Bg3 Ra7 19. Rab1 Rea8 20. Bxc7 Qxc7
21. Rxb6 e5 22. h3 exd4 23. exd4 Re8 24. Qb2 Re7 25. Qb5 Bh6 26. Ne5 Bd2 27. Ng4
Kg7 28. Nf6 Qc8 29. Nd5 Rd7 30. Rd1 Bg5 31. Nf6 Bxf6 32. Rxf6 Qe8 33. Rd6 Qe2
34. Rxd7 Qxd1+ 35. Kh2 Qe2 36. f4 Ra6 37. Qe5+ Qxe5 38. fxe5 b5 39. axb5 Rb6 40.
Rc7 Rxb5 41. e6 Kf6 42. e7 Rb8 43. d5 a4 44. d6 a3 45. Rc8 Rxc8 46. d7 a2 47.
dxc8=Q a1=Q 48. e8=Q 1-0

[Event "Bundesliga 2017-18"]
[Site "Berlin GER"]
[Date "2018.05.01"]
[Round "15.3"]
[White "Kovacs, Gabor"]
[Black "Wagner, Dennis"]
[Result "1/2-1/2"]
[WhiteTitle "IM"]
[BlackTitle "GM"]
[WhiteElo "2463"]
[BlackElo "2564"]
[Board "3"]
[WhiteTeam "SG Speyer-Schwegenheim"]
[BlackTeam "SV 1930 Hockenheim"]
[WhiteFideId "716219"]
[BlackFideId "24650684"]
[EventDate "2017.10.21"]
[EventType "team"]

1. d4 Nf6 2. Nf3 d5 3. c4 e6 4. Nc3 c6 5. e3 Nbd7 6. Qc2 Bd6 7. b3 O-O 8. Be2 b6
9. O-O Bb7 10. Bb2 Re8 11. Rad1 Qc7 12. Qb1 a6 13. h3 Rac8 14. Rc1 dxc4 15. Bxc4
c5 16. Be2 Qb8 17. Rfd1 b5 18. Qa1 Red8 19. Nb1 cxd4 20. Bxd4 Rxc1 21. Rxc1 Rc8
22. Nbd2 Ba3 23. Bb2 Rxc1+ 24. Qxc1 Bxb2 25. Qxb2 Qc7 26. a3 h6 27. Bd3 Qd6 28.
Be2 b4 29. axb4 Qxb4 30. Qa1 Nc5 31. Bc4 a5 32. Qd4 Nfd7 33. Be2 Qxd4 34. Nxd4
Nb6 35. Bb5 Kf8 36. Kf1 Ke7 37. Nc6+ Bxc6 38. Bxc6 a4 39. bxa4 Ncxa4 40. Bxa4
Nxa4 41. Nf3 1/2-1/2

[Event "Bundesliga 2017-18"]
[Site "Berlin GER"]
[Date "2018.05.01"]
[Round "15.3"]
[White "Saric, Ivan"]
[Black "Hoolt, Sarah"]
[Result "1-0"]
[WhiteTitle "GM"]
[BlackTitle "WGM"]
[WhiteElo "2662"]
[BlackElo "2423"]
[Board "4"]
[WhiteTeam "SV 1930 Hockenheim"]
[BlackTeam "SG Speyer-Schwegenheim"]
[WhiteFideId "14508150"]
[BlackFideId "24606812"]
[EventDate "2017.10.21"]
[EventType "team"]

1. e4 e6 2. d4 d5 3. Nc3 dxe4 4. Nxe4 Nd7 5. Bd3 Ngf6 6. c3 Nxe4 7. Bxe4 c5 8.
Nf3 Be7 9. Bc2 cxd4 10. Nxd4 Nf6 11. O-O Qc7 12. Re1 Bd7 13. Qf3 Bc6 14. Nxc6
Qxc6 15. Qxc6+ bxc6 16. Ba4 Rc8 17. Bd2 Nd5 18. Rad1 Bf6 19. Bc1 Nb6 20. Bc2 h5
21. Be4 O-O 22. g3 c5 23. h4 Rfd8 24. Kf1 Kf8 25. Ke2 Ke7 26. Rxd8 Rxd8 27. Be3
Rc8 28. Kd3 g6 29. Rc1 Nd5 30. Bd2 c4+ 31. Kc2 Kd6 32. Rd1 Rc5 33. b4 Rc6 34. a4
Ke5 35. b5 Rb6 36. Bxd5 exd5 37. Be3 Rb7 38. Bd4+ Kf5 39. Bxf6 Kxf6 40. Rxd5 Rc7
41. Kb2 Ke6 42. Rd4 a6 43. b6 Rc6 44. a5 Rc5 45. Rxc4 1-0

[Event "Bundesliga 2017-18"]
[Site "Berlin GER"]
[Date "2018.05.01"]
[Round "15.3"]
[White "Farmani Anosheh, Armin"]
[Black "Buhmann, Rainer"]
[Result "1/2-1/2"]
[WhiteTitle "FM"]
[BlackTitle "GM"]
[WhiteElo "2321"]
[BlackElo "2564"]
[Board "5"]
[WhiteTeam "SG Speyer-Schwegenheim"]
[BlackTeam "SV 1930 Hockenheim"]
[WhiteFideId "24613240"]
[BlackFideId "4651340"]
[EventDate "2017.10.21"]
[EventType "team"]

1. d4 Nf6 2. c4 e6 3. Nf3 d5 4. g3 Bb4+ 5. Bd2 Be7 6. Bg2 O-O 7. O-O Nbd7 8. Qc2
c6 9. Bf4 Ne4 10. Nfd2 f5 11. f3 Nef6 12. e4 Nh5 13. Be3 dxe4 14. fxe4 Ndf6 15.
Bf3 Ng4 16. Bxg4 fxg4 17. Nc3 e5 18. d5 Rxf1+ 19. Rxf1 Nf6 20. Rd1 c5 21. Nb3 b6
22. a4 Bd7 23. a5 Ne8 24. Ra1 Nd6 25. Nd2 Nb7 26. axb6 axb6 27. Rxa8 Qxa8 28.
Kg2 h5 29. Ndb1 Nd6 30. Na3 Qe8 31. Qd2 Qg6 32. Qd3 Be8 33. b3 Qf6 34. Bd2 Qg6
35. Qe2 Qh7 36. Nab5 Bxb5 37. cxb5 Qg6 38. Qd3 Bg5 39. Be1 Qe8 40. Bf2 Qa8 41.
Na4 Qa5 42. Qc3 Qxc3 43. Nxc3 Kf7 44. Na4 Bd8 45. Nc3 Nb7 46. Nb1 Nd6 47. Nc3
Bg5 48. Na4 Bd8 1/2-1/2

[Event "Bundesliga 2017-18"]
[Site "Berlin GER"]
[Date "2018.05.01"]
[Round "15.3"]
[White "Baramidze, David"]
[Black "Commercon, Simon"]
[Result "1-0"]
[WhiteTitle "GM"]
[WhiteElo "2610"]
[BlackElo "2255"]
[Board "6"]
[WhiteTeam "SV 1930 Hockenheim"]
[BlackTeam "SG Speyer-Schwegenheim"]
[WhiteFideId "4667719"]
[BlackFideId "24620998"]
[EventDate "2017.10.21"]
[EventType "team"]

1. e4 e5 2. Nf3 Nf6 3. Nxe5 d6 4. Nf3 Nxe4 5. Nc3 Nxc3 6. dxc3 Be7 7. Be3 c6 8.
c4 Nd7 9. Be2 O-O 10. O-O Nf6 11. Qd3 d5 12. Rad1 Qa5 13. cxd5 Qxd5 14. Qc4 Qxc4
15. Bxc4 Bg4 16. a4 Bxf3 17. gxf3 Rfd8 18. a5 a6 19. Bb6 Rd7 20. Rfe1 Kf8 21.
Kg2 Re8 22. c3 Bd6 23. Be3 Be7 24. Bb6 Bd6 25. Re3 Rxe3 26. fxe3 Be7 27. Rxd7
Nxd7 28. Bc7 Bf6 29. Bd6+ Be7 30. Bg3 Bf6 31. Kf1 Ke7 32. Ke2 Be5 33. Bh4+ f6
34. f4 Bc7 35. b4 h6 36. Bd3 c5 37. Be1 b6 38. b5 axb5 39. a6 Bb8 40. Bxb5 Ba7
41. Kd3 f5 42. e4 fxe4+ 43. Kxe4 Nf6+ 44. Kf5 Nd5 45. c4 Nc7 46. Kg6 Ne6 47. f5
Nd4 48. Bg3 Kf8 49. Be5 Kg8 50. Bxg7 Nxf5 51. Kxf5 Kxg7 52. Ke6 1-0

[Event "Bundesliga 2017-18"]
[Site "Berlin GER"]
[Date "2018.05.01"]
[Round "15.3"]
[White "Kraemer, Enrico"]
[Black "Braun, Arik"]
[Result "1/2-1/2"]
[BlackTitle "GM"]
[WhiteElo "2149"]
[BlackElo "2574"]
[Board "7"]
[WhiteTeam "SG Speyer-Schwegenheim"]
[BlackTeam "SV 1930 Hockenheim"]
[WhiteFideId "1270065"]
[BlackFideId "4663527"]
[EventDate "2017.10.21"]
[EventType "team"]

1. d4 Nf6 2. c4 e6 3. Nc3 Bb4 4. Qc2 O-O 5. Nf3 d6 6. Bd2 Qe7 7. a3 Bxc3 8. Bxc3
Nbd7 9. e3 e5 10. dxe5 dxe5 11. Be2 a5 12. b3 b6 13. O-O Bb7 14. Rfd1 Ne4 15.
Be1 c5 16. Qb2 Rfd8 17. b4 Bc6 18. Qc2 Nd6 19. bxa5 bxa5 20. Rab1 Ra6 21. Rb2 e4
22. Nd2 Ne5 23. Rdb1 a4 24. Rb6 Rxb6 25. Rxb6 h6 26. Qb1 f5 27. Rb8 Nd7 28.
Rxd8+ Qxd8 29. Qd1 Nb6 30. Nb1 Qd7 31. Qc2 Qe6 32. Ba5 Nbc8 33. Nd2 Be8 34. Bc3
Qe7 35. Bb2 Bc6 36. Qc3 Nb7 37. Nf1 Ncd6 38. Ng3 Kh7 39. Nh5 Ne8 40. Nf4 Nf6 41.
h3 Qd6 42. g3 Qe7 43. Kg2 Qd6 44. Bh5 Be8 45. Bxe8 Nxe8 46. Nd5 Qd7 47. h4 1/2-1/2

[Event "Bundesliga 2017-18"]
[Site "Berlin GER"]
[Date "2018.05.01"]
[Round "15.3"]
[White "Boguslawski, Oleg"]
[Black "Mager, Denis"]
[Result "1-0"]
[WhiteTitle "IM"]
[BlackTitle "FM"]
[WhiteElo "2405"]
[BlackElo "2283"]
[Board "8"]
[WhiteTeam "SV 1930 Hockenheim"]
[BlackTeam "SG Speyer-Schwegenheim"]
[WhiteFideId "14113929"]
[BlackFideId "24691127"]
[EventDate "2017.10.21"]
[EventType "team"]

1. e4 c5 2. Nf3 d6 3. Bb5+ Nd7 4. c3 a6 5. Ba4 Nf6 6. Bc2 e5 7. O-O Be7 8. d4
cxd4 9. cxd4 O-O 10. a4 b6 11. Nc3 Bb7 12. Re1 Rc8 13. h3 Qc7 14. Bg5 Rfd8 15.
Rc1 Qb8 16. Qd2 Nf8 17. Nh4 g6 18. d5 N8d7 19. f4 Re8 20. f5 b5 21. Rf1 b4 22.
Ne2 a5 23. Ng3 Ba6 24. Rf3 Qb6+ 25. Be3 Qd8 26. fxg6 hxg6 27. Nhf5 Bf8 28. Bh6
Nh7 29. Bxf8 Rxf8 30. Qh6 Qf6 31. Nxd6 Qg5 32. Qxg5 Nxg5 33. Re3 Rc5 34. Ree1
Rd8 35. h4 Nh7 36. Bb3 Kf8 37. Bc4 Bxc4 38. Rxc4 Ke7 39. Rxc5 Nxc5 40. Nc4 Nxa4
41. Ra1 Rc8 42. b3 Rxc4 43. bxc4 b3 44. Nf1 b2 45. Rb1 Nf6 46. Nd2 Kd6 47. Rf1
Nd7 48. Rxf7 Ndc5 49. g4 Nc3 50. h5 gxh5 51. gxh5 a4 52. h6 Nb3 53. Rb7 Nxd2 54.
Rxb2 Nf3+ 55. Kf2 Ng5 56. Rb7 Ncxe4+ 57. Ke3 Nf6 58. Rb6+ Ke7 59. Ra6 a3 60. Kd3
Nf7 61. Re6+ 1-0

[Event "Bundesliga 2017-18"]
[Site "Berlin GER"]
[Date "2018.05.01"]
[Round "15.4"]
[White "Grandelius, Nils"]
[Black "Dragnev, Valentin"]
[Result "1-0"]
[WhiteTitle "GM"]
[BlackTitle "IM"]
[WhiteElo "2653"]
[BlackElo "2466"]
[Board "1"]
[WhiteTeam "Hamburger SK"]
[BlackTeam "FC Bayern Muenchen"]
[WhiteFideId "1710400"]
[BlackFideId "1634852"]
[EventDate "2017.10.21"]
[EventType "team"]

1. e4 e5 2. Nf3 Nc6 3. Bb5 a6 4. Ba4 Nf6 5. O-O Be7 6. Re1 b5 7. Bb3 O-O 8. a4
b4 9. a5 d5 10. exd5 e4 11. dxc6 exf3 12. d4 fxg2 13. Bf4 Rb8 14. Qd3 Rb5 15.
Be5 Ng4 16. Nd2 Nxe5 17. Rxe5 Rxe5 18. dxe5 Bc5 19. Ne4 Qxd3 20. cxd3 Bd4 21.
Ra4 Bxb2 22. e6 Ba3 23. exf7+ Kh8 24. Kxg2 g6 25. Nf6 Kg7 26. Ne8+ Kh6 27. Nxc7 1-0

[Event "Bundesliga 2017-18"]
[Site "Berlin GER"]
[Date "2018.05.01"]
[Round "15.4"]
[White "Studer, Noel"]
[Black "Svane, Rasmus"]
[Result "0-1"]
[WhiteTitle "GM"]
[BlackTitle "GM"]
[WhiteElo "2471"]
[BlackElo "2595"]
[Board "2"]
[WhiteTeam "FC Bayern Muenchen"]
[BlackTeam "Hamburger SK"]
[WhiteFideId "1319620"]
[BlackFideId "4657101"]
[EventDate "2017.10.21"]
[EventType "team"]

1. d4 Nf6 2. c4 e6 3. Nf3 d5 4. g3 Bb4+ 5. Bd2 Be7 6. Bg2 O-O 7. O-O c6 8. Qc2
b6 9. Bf4 Nbd7 10. Rd1 Bb7 11. Ne5 Nh5 12. Bc1 Nhf6 13. Bf4 Nh5 14. Bd2 Nhf6 15.
cxd5 cxd5 16. Nc6 Bxc6 17. Qxc6 Rc8 18. Qb5 Ne8 19. Qd3 Nd6 20. Nc3 Nf6 21. Be1
Qd7 22. e3 Rc7 23. Bf1 Nc4 24. Qe2 Rfc8 25. f3 e5 26. dxe5 Nxe5 27. Kh1 Qe6 28.
Nb5 Rc2 29. Rd2 Rc1 30. Rxc1 Rxc1 31. Nd4 Qc8 32. Rd1 a5 33. Nf5 Bf8 34. Rxc1
Qxc1 35. Bc3 Nfd7 36. Kg2 g6 37. Nd4 Nc4 38. Kf2 Bh6 39. f4 Nf6 40. Bg2 Nxe3 41.
Bf3 Ne4+ 42. Bxe4 Nd1+ 43. Kg2 dxe4 44. Qxe4 Nxc3 45. bxc3 Qxc3 46. Qd5 Qd2+ 47.
Kh3 Bf8 48. f5 Qg5 49. Qd7 Bc5 50. fxg6 hxg6 51. Nf3 Qh6+ 52. Kg2 Qe3 53. Qd5
Qe2+ 54. Kh3 Kg7 55. g4 Qf1+ 56. Kg3 Bf2+ 57. Kf4 Qc1+ 58. Ke5 Bc5 59. Qb3 a4
60. Qxa4 Qe3+ 61. Qe4 Bd6+ 62. Kd5 Qc5# 0-1